000 00525 a2200169 i 4500
001 198558
003 47326
010 _a5-7140-0001-3
090 _a198558
100 _a u||y y50 zz
200 _aАнализ вокальных произведений
_dучеб. пособ.
_fотв. ред. О. П. Козловский
210 _aЛ.
_d1988
_cМузыка
215 _a352 с.
__352
246 0 _aучеб. пособ.
675 _a784(075.8)
942 _2udc
_cSTUDYGUIDE
_j784(075.8)
_z47326
999 _c47326
_d47326